00352cam a22001217a 4500008004000000082001400040100002100054245007400075260002900149300000900178650002100187650002200208180718b1978 xxu||||| |||| 00| 0 eng d aT394 L589 aLewis, W. Arthur aThe evolution of the international economic ordercby W. Arthur Lewis aNew DelhibKalyanic1978 a81p. aForeign Commerce aCommercial Policy